|
|
|
|
| LEADER |
00000naa2a2200000 4500 |
| 001 |
187100 |
| 005 |
20240130110714.0 |
| 035 |
|
|
|a (RuTPU)RU\TPU\book\203023
|
| 090 |
|
|
|a 187100
|
| 100 |
|
|
|a 20101110d2010 k y0rusy50 ca
|
| 101 |
0 |
|
|a rus
|
| 102 |
|
|
|a RU
|
| 200 |
1 |
|
|a Анализ расхода топлива дизельной электростанции при постоянных оборотах генератора
|f М. А. Сурков
|
| 463 |
|
0 |
|0 (RuTPU)RU\TPU\book\196586
|t Электроэнергия: от получения и распределения до эффективного использования
|o материалы Всероссийской научно-технической конференции, 25-28 мая 2010 г., Томск
|f Национальный исследовательский Томский политехнический университет (НИ ТПУ)
|v С. 207-209
|d 2010
|p 351 с.
|
| 610 |
1 |
|
|a дизельные электростанции
|
| 610 |
1 |
|
|a генераторы
|
| 610 |
1 |
|
|a топливо
|
| 610 |
1 |
|
|a электроснабжение
|
| 610 |
1 |
|
|a труды учёных ТПУ
|
| 700 |
|
1 |
|a Сурков
|b М. А.
|c специалист в области электроэнергетики
|c доцент Томского политехнического университета, кандидат технических наук
|f 1980-
|g Михаил Александрович
|3 (RuTPU)RU\TPU\pers\26442
|9 12145
|
| 801 |
|
1 |
|a RU
|b 63413507
|c 20101110
|
| 942 |
|
|
|c BK
|